Enrique Menéndez Pelayo (Record no. 179199)

MARC details
000 -LEADER
campo de control de longitud fija 01402nam a2200277 4500
001 - NÚMERO DE CONTROL
campo de control 179199
003 - IDENTIFICADOR DE NÚMERO DE CONTROL
campo de control ES-MaACL
005 - FECHA Y HORA DE LA ÚLTIMA TRANSACCIÓN
campo de control 20231205193251.0
008 - DATOS DE LONGITUD FIJA--INFORMACIÓN GENERAL
campo de control de longitud fija 110929r20111951sp c |||| |bspa d
080 ## - NÚMERO DE LA CLASIFICACIÓN DECIMAL UNIVERSAL
Número de la Clasificación Decimal Universal 821.134.2-82"18"
100 1# - ENTRADA PRINCIPAL--NOMBRE DE PERSONA
Nombre de persona Menéndez Pelayo, Enrique.
9 (RLIN) 80331
245 10 - MENCIÓN DEL TÍTULO
Título Enrique Menéndez Pelayo
Resto del título : reproducción facsimilar de la obra /
Mención de responsabilidad, etc. selección y estudio de Gerardo Diego ; con el encarte de un texto de Elena Diego.
260 ## - PUBLICACIÓN, DISTRIBUCIÓN, ETC.
Lugar de publicación, distribución, etc. Santander :
Nombre del editor, distribuidor, etc. Biblioteca de Menéndez Pelayo :
-- Fundación Gerardo Diego,
Fecha de publicación, distribución, etc. 2011.
300 ## - DESCRIPCIÓN FÍSICA
Extensión CXII, 200 p. ;
Dimensiones 16 cm +
Material acompañante/anejo 1 cuadernillo.
490 1# - MENCIÓN DE SERIE
Mención de serie Publicaciones de la Biblioteca de Menéndez Pelayo. Facsímiles ;
Designación de volumen o secuencia 1
505 8# - NOTA DE CONTENIDO CON FORMATO
Nota de contenido con formato Contiene: ;
Título Enrique Menéndez Pelayo y Gerardo Diego /
Mención de responsabilidad Elena Diego ([14] p.: il. retr.; 16 cm)
534 ## - NOTA SOBRE LA VERSIÓN ORIGINAL
Frase introductoria Reprod. de la ed. de:
Publicación, distribución, etc. del original Santander : [s.n.], 1951 (Santander : Imp. y Enc. de la Librería Moderna) (
Mención de serie del original Antología de escritores y artistas montañeses ; 10)
600 14 - PUNTO DE ACCESO ADICIONAL DE MATERIA--NOMBRE DE PERSONA
Nombre de persona Menéndez Pelayo, Enrique.
9 (RLIN) 80331
655 #7 - TERMINO DE INDIZACIÓN--GENERO/FORMA
Fuente del término tgfbne
9 (RLIN) 226495
Datos o término principal de género/forma Facsímiles
700 1# - ENTRADA AGREGADA--NOMBRE PERSONAL
Nombre de persona Diego, Gerardo,
Fechas asociadas al nombre 1896-1987
9 (RLIN) 44545
700 1# - ENTRADA AGREGADA--NOMBRE PERSONAL
Nombre de persona Diego, Elena.
9 (RLIN) 44538
830 0# - PUNTO DE ACCESO ADICIONAL DE SERIE-TÍTULO UNIFORME
Título uniforme Publicaciones de la Biblioteca de Menéndez Pelayo. Facsímiles ;
Designación de volumen o secuencia 1
9 (RLIN) 224424
852 ## - LOCALIZACIÓN
Ubicación ES-MaACL
itemnumber 186075
Número de control de estantería A-11569
Sublocalización o colección R.147014
Signatura antigua Olim: N-4573
Ubicación en estantería Depósito 1
Encuadernación Donación: Editorial
942 ## - ELEMENTOS DE ENTRADA SECUNDARIOS (KOHA)
Fuente del sistema de clasificación o colocación Clasificación decimal universal
Tipo de ítem Koha Libro impreso
Holdings
Estatus retirado Estado de pérdida Fuente del sistema de clasificación o colocación Estado de daño No para préstamo Biblioteca de origen Biblioteca actual Ubicación en estantería Fecha de adquisición Fuente de adquisición Total de préstamos Signatura topográfica completa Código de barras Visto por última vez Precio de reemplazo Tipo de ítem Koha
    Clasificación decimal universal     Biblioteca del Ateneo de Madrid Biblioteca del Ateneo de Madrid Depósito 1 29/09/2011 Donación   A-11569 1188246 23/02/2023 23/02/2023 Libro impreso